[Event "Titled Tuesday intern op 13th Feb Late"]
[Site "Chess.com INT"]
[Date "2024.02.13"]
[Round "2"]
[White "Al Tarbosh, Ward"]
[Black "Holt, Conrad"]
[Result "0-1"]
[WhiteElo "2278"]
[BlackElo "2540"]
[PlyCount "106"]
[EventDate "2024.02.13"]
[EventType "swiss (blitz)"]
[EventRounds "11"]
[EventCountry "USA"]
[SourceTitle "CB08_2024"]
[SourceDate "2024.02.21"]
[SourceVersion "1"]
[SourceVersionDate "2024.02.21"]
[SourceQuality "1"]

1. e4 e6 2. d4 d5 3. exd5 exd5 4. Bd3 Nc6 5. Nf3 Bg4 6. c3 Bd6 7. 0-0 Nge7 8. Nbd2 Qd7 9. Re1 f6 10. Nf1 0-0-0 11. Ne3 h5 12. b4 Rde8 13. a4 Nd8 14. b5 Ne6 15. a5 Nf4 16. Bf1 Neg6 17. b6 a6 18. c4 Nh4 19. c5 Bxf3 20. Qc2 Bxg2 21. Bxg2 Nfxg2 22. cxd6 Nxe1 23. Qxc7+ Qxc7 24. bxc7 Nef3+ 25. Kf1 Nxh2+ 26. Kg1 Ng4 27. Kf1 Nxe3+ 28. Bxe3 Nf5 29. Bf4 g5 30. Bh2 Kd7 31. Rb1 Nxd6 32. Rb6 Nc8 33. Rxf6 Ref8 34. Rg6 Rhg8 35. Rh6 h4 36. Rh7+ Kc6 37. Rh6+ Kb5 38. Rh7 g4 39. Rxh4 g3 40. Bg1 g2+ 41. Ke2 Re8+ 42. Kd2 Re4 43. Rh3 Rxd4+ 44. Kc2 Rc4+ 45. Kb2 Rxc7 46. Rb3+ Kxa5 47. f4 Re7 48. Ka3 Re1 49. Bd4 Rc1 50. Be3 Rc2 51. Bg1 b5 52. f5 Nd6 53. Bh2 Nc4# 0-1

[Event "Titled Tuesday intern op 13th Feb Late"]
[Site "Chess.com INT"]
[Date "2024.02.13"]
[Round "9"]
[White "Holt, Conrad"]
[Black "Fedoseev, Vladimir1"]
[Result "0-1"]
[WhiteElo "2540"]
[BlackElo "2690"]
[PlyCount "54"]
[EventDate "2024.02.13"]
[EventType "swiss (blitz)"]
[EventRounds "11"]
[EventCountry "USA"]
[SourceTitle "CB08_2024"]
[SourceDate "2024.02.21"]
[SourceVersion "1"]
[SourceVersionDate "2024.02.21"]
[SourceQuality "1"]

1. d4 Nf6 2. c4 e6 3. Nc3 Bb4 4. Qc2 0-0 5. e4 c5 6. e5 Ne8 7. a3 Bxc3+ 8. bxc3 cxd4 9. cxd4 d6 10. Nf3 dxe5 11. dxe5 Nc6 12. Bd3 Nxe5 13. Bxh7+ Kh8 14. Be4 Qa5+ 15. Bd2 Nxf3+ 16. gxf3 Qh5 17. Rb1 f5 18. Bd3 Bd7 19. Rxb7 Qxf3 20. Rxd7 Qxh1+ 21. Ke2 Nf6 22. Rd4 Ng4 23. c5 e5 24. Rxg4 fxg4 25. Be3 Qxh2 26. Qc4 g3 27. c6 Rxf2+ 0-1

[Event "Titled Tuesday intern op 13th Feb Late"]
[Site "Chess.com INT"]
[Date "2024.02.13"]
[Round "11"]
[White "Holt, Conrad"]
[Black "Kosteniuk, Alexandra"]
[Result "1-0"]
[WhiteElo "2540"]
[BlackElo "2501"]
[PlyCount "91"]
[EventDate "2024.02.13"]
[EventType "swiss (blitz)"]
[EventRounds "11"]
[EventCountry "USA"]
[SourceTitle "CB08_2024"]
[SourceDate "2024.02.21"]
[SourceVersion "1"]
[SourceVersionDate "2024.02.21"]
[SourceQuality "1"]

1. d4 Nf6 2. c4 e6 3. Nf3 d5 4. Nc3 dxc4 5. e4 b5 6. e5 Nd5 7. Nxb5 Nb6 8. Be2 Be7 9. 0-0 0-0 10. Qc2 Bb7 11. Na3 Nc6 12. Be3 Nb4 13. Qc1 Nd3 14. Qc3 Bb4 15. Qc2 Bxa3 16. bxa3 Be4 17. Nd2 Bg6 18. Qc3 c5 19. dxc5 Nd5 20. Qd4 Nxe3 21. Qxe3 Nxe5 22. Rfd1 Qc7 23. Rac1 Nd3 24. Rxc4 Nb2 25. Rdc1 Nxc4 26. Nxc4 Rfd8 27. Nd6 Rab8 28. h4 h6 29. h5 Bh7 30. Nb5 Rxb5 31. Bxb5 Rd5 32. Be2 Bf5 33. Bf3 Rd8 34. c6 e5 35. g3 f6 36. Qb3+ Kf8 37. Qb7 Rc8 38. Rc4 Be6 39. Ra4 a5 40. Qb5 Rb8 41. Qc5+ Kg8 42. Rxa5 Rb1+ 43. Kg2 Qc8 44. c7 Bh3+ 45. Kh2 Bf1 46. Ra8 1-0

[Event "Titled Tuesday intern op 13th Feb Late"]
[Site "Chess.com INT"]
[Date "2024.02.13"]
[Round "10"]
[White "Kacprzak, Kacper"]
[Black "Holt, Conrad"]
[Result "0-1"]
[WhiteElo "2280"]
[BlackElo "2540"]
[PlyCount "70"]
[EventDate "2024.02.13"]
[EventType "swiss (blitz)"]
[EventRounds "11"]
[EventCountry "USA"]
[SourceTitle "CB08_2024"]
[SourceDate "2024.02.21"]
[SourceVersion "1"]
[SourceVersionDate "2024.02.21"]
[SourceQuality "1"]

1. d4 d5 2. c4 c6 3. Nf3 Nf6 4. Nc3 dxc4 5. a4 Bf5 6. Ne5 Nbd7 7. Nxc4 Nb6 8. Ne5 a5 9. e3 g6 10. Bd3 Be6 11. 0-0 Bg7 12. Qe2 Nfd5 13. Nf3 Nb4 14. Rd1 Bb3 15. Re1 Nxd3 16. Qxd3 0-0 17. e4 e5 18. Be3 exd4 19. Bxd4 c5 20. Nd5 Bxd5 21. Bxg7 Bxe4 22. Qxd8 Rfxd8 23. Rxe4 Kxg7 24. Rc1 c4 25. h3 Rac8 26. Re7 Rd7 27. Rxd7 Nxd7 28. Nd2 Nb6 29. b3 c3 30. Ne4 c2 31. Kf1 Nd5 32. Ke2 Nb4 33. Kd2 Rd8+ 34. Ke2 Re8 35. Kf3 Nd3 0-1

[Event "Titled Tuesday intern op 06th Feb Late"]
[Site "Chess.com INT"]
[Date "2024.02.06"]
[Round "6"]
[White "Holt, Conrad"]
[Black "Makarian, Rudik"]
[Result "1/2-1/2"]
[WhiteElo "2540"]
[BlackElo "2525"]
[PlyCount "148"]
[EventDate "2024.02.06"]
[EventType "swiss (blitz)"]
[EventRounds "11"]
[EventCountry "USA"]
[SourceTitle "CB07_2024"]
[SourceDate "2024.02.14"]
[SourceVersion "1"]
[SourceVersionDate "2024.02.14"]
[SourceQuality "1"]

1. d4 Nf6 2. c4 e6 3. Nc3 d5 4. cxd5 exd5 5. Bg5 c6 6. e3 Bf5 7. Qf3 Bg6 8. Bxf6 Qxf6 9. Qxf6 gxf6 10. Nf3 a5 11. Nh4 a4 12. a3 b5 13. Be2 Nd7 14. 0-0 Nb6 15. Rfe1 Kd7 16. Rac1 Nc4 17. e4 Bh6 18. exd5 Bxc1 19. dxc6+ Kxc6 20. Rxc1 Rae8 21. f4 Be4 22. Nxe4 Rxe4 23. Bf3 Rhe8 24. Re1 Nd2 25. Bxe4+ Rxe4 26. Rxe4 Nxe4 27. Nf5 Kd5 28. Kf1 Nd2+ 29. Ke2 Nc4 30. Kd3 Nxb2+ 31. Kc3 Nc4 32. Kb4 Ke4 33. Nh6 Kxd4 34. Nxf7 Ke4 35. g3 h5 36. Nh6 h4 37. Ng8 hxg3 38. hxg3 Kf5 39. Nh6+ Kg6 40. Ng4 Kf5 41. Nf2 Ke6 42. Ne4 Kf5 43. Nc3 Kg4 44. Nxb5 Ne3 45. Nd4 Kxg3 46. f5 Kf4 47. Kxa4 Ke4 48. Ne2 Nxf5 49. Kb4 Nd6 50. a4 Ke3 51. Ng3 Kf4 52. Nf1 f5 53. Kc5 Nc8 54. a5 Kf3 55. a6 Kf2 56. Nd2 f4 57. Ne4+ Ke3 58. Ng5 f3 59. Nh3 f2 60. Nxf2 Kxf2 61. Kc6 Na7+ 62. Kb6 Nc8+ 63. Kc7 Na7 64. Kb7 Nb5 65. Kb6 Nd6 66. Kc6 Nc8 67. Kb7 Nd6+ 68. Kb8 Nb5 69. Kb7 Nd6+ 70. Kb6 Nc8+ 71. Kc7 Na7 72. Kd6 Nb5+ 73. Kc5 Na7 74. Kb6 Nc8+ 1/2-1/2

[Event "Titled Tuesday intern op 06th Feb Late"]
[Site "Chess.com INT"]
[Date "2024.02.06"]
[Round "3"]
[White "Holt, Conrad"]
[Black "Sevian, Samuel"]
[Result "1-0"]
[WhiteElo "2540"]
[BlackElo "2697"]
[PlyCount "79"]
[EventDate "2024.02.06"]
[EventType "swiss (blitz)"]
[EventRounds "11"]
[EventCountry "USA"]
[SourceTitle "CB07_2024"]
[SourceDate "2024.02.14"]
[SourceVersion "1"]
[SourceVersionDate "2024.02.14"]
[SourceQuality "1"]

1. d4 b5 2. e4 a6 3. Bd3 Bb7 4. Nf3 e6 5. 0-0 Be7 6. Re1 Nf6 7. e5 Nd5 8. Nbd2 d6 9. Ne4 Nd7 10. c3 dxe5 11. Nxe5 Nxe5 12. dxe5 c5 13. Qg4 Nxc3 14. Qxg7 Qxd3 15. Qxh8+ Kd7 16. Nf6+ Kc7 17. Qxh7 Ne2+ 18. Kh1 Qf3 19. Qg7 Qxf2 20. Bh6 Rh8 21. Rf1 Ng3+ 22. Qxg3 Qxg3 23. hxg3 Rxh6+ 24. Kg1 Bc6 25. Ng8 Bg5 26. Rxf7+ Kb6 27. Nxh6 Bxh6 28. Rf6 Be3+ 29. Kh2 Bd5 30. Rd1 Bxa2 31. b3 Bd4 32. Rxe6+ Kc7 33. Rd3 a5 34. Ra6 a4 35. bxa4 b4 36. e6 b3 37. e7 Kd7 38. Ra7+ Ke8 39. Rf3 Bg7 40. Re3 1-0

[Event "Titled Tuesday intern op 16th Jan Late"]
[Site "Chess.com INT"]
[Date "2024.01.16"]
[Round "6"]
[White "Holt, Conrad"]
[Black "Plazuelo Pascual, Juan"]
[Result "1-0"]
[WhiteElo "2540"]
[BlackElo "2420"]
[PlyCount "61"]
[EventDate "2024.01.16"]
[EventType "swiss (blitz)"]
[EventRounds "11"]
[EventCountry "USA"]
[SourceTitle "CB04_2024"]
[SourceDate "2023.10.16"]
[SourceVersion "1"]
[SourceVersionDate "2023.10.16"]
[SourceQuality "1"]

1. a4 e5 2. a5 d5 3. e3 Nf6 4. d4 exd4 5. exd4 c5 6. a6 Nxa6 7. Bb5+ Bd7 8. Bxa6 bxa6 9. Ne2 Be7 10. Nbc3 0-0 11. 0-0 Bb5 12. Re1 Re8 13. Bg5 h6 14. Bh4 c4 15. Qd2 Rb8 16. Ng3 Bd7 17. Rxe7 Rxe7 18. Bxf6 gxf6 19. Nxd5 Re6 20. Nf5 Rb5 21. Qf4 Qf8 22. Nde3 Kh7 23. Nxc4 Kh8 24. Nfe3 Rg5 25. h4 Rb5 26. d5 Re8 27. Rxa6 Qg7 28. Rxf6 Rf8 29. Rxh6+ Kg8 30. Rf6 Rb4 31. h5 1-0

[Event "Titled Tuesday intern op 16th Jan Late"]
[Site "Chess.com INT"]
[Date "2024.01.16"]
[Round "2"]
[White "Novik, Maxim"]
[Black "Holt, Conrad"]
[Result "0-1"]
[WhiteElo "2399"]
[BlackElo "2540"]
[PlyCount "90"]
[EventDate "2024.01.16"]
[EventType "swiss (blitz)"]
[EventRounds "11"]
[EventCountry "USA"]
[SourceTitle "CB04_2024"]
[SourceDate "2023.10.16"]
[SourceVersion "1"]
[SourceVersionDate "2023.10.16"]
[SourceQuality "1"]

1. e4 e6 2. d4 d5 3. e5 c5 4. c3 Bd7 5. Nf3 Qb6 6. Be2 Bb5 7. dxc5 Bxc5 8. 0-0 Bxe2 9. Qxe2 Qa6 10. Qd1 Ne7 11. a4 Qc6 12. b4 Bb6 13. b5 Qc7 14. Ba3 Bc5 15. Bxc5 Qxc5 16. Nbd2 0-0 17. Nb3 Qc4 18. Nbd4 Nd7 19. Re1 Qxc3 20. Rc1 Qa5 21. Ng5 h6 22. Ngxe6 fxe6 23. Nxe6 Rf7 24. Qg4 Qd2 25. Rcd1 Qxf2+ 26. Kh1 Nxe5 27. Qh3 N5g6 28. Nd4 Raf8 29. Qe6 Kh7 30. h3 Nf4 31. Qg4 Nd3 32. Re2 Rf4 33. Qe6 Qxd4 34. Qxe7 Rf1+ 35. Rxf1 Rxf1+ 36. Kh2 Qf4+ 37. g3 Rf2+ 38. Rxf2 Qxf2+ 39. Kh1 Qxg3 40. Qe2 Nf2+ 41. Qxf2 Qxf2 42. a5 d4 43. b6 d3 44. a6 d2 45. bxa7 d1R# 0-1

[Event "Wch Blitz"]
[Site "Samarkand"]
[Date "2023.12.29"]
[Round "3"]
[White "Holt, Conrad"]
[Black "Korobov, Anton"]
[Result "1-0"]
[WhiteElo "2540"]
[BlackElo "2672"]
[PlyCount "43"]
[EventDate "2023.12.29"]
[EventType "swiss (blitz)"]
[EventRounds "21"]
[EventCountry "UZB"]
[SourceTitle "CB01_2024"]
[SourceDate "2024.01.03"]
[SourceVersion "1"]
[SourceVersionDate "2024.01.03"]
[SourceQuality "1"]

1. d4 Nf6 2. c4 e6 3. Nc3 Bb4 4. Qc2 d6 5. Nf3 c5 6. e3 0-0 7. Bd3 d5 8. 0-0 dxc4 9. Bxc4 cxd4 10. exd4 Nc6 11. Rd1 Ne7 12. Bg5 b6 13. d5 Qc7 14. Nb5 Qb7 15. dxe6 Bxe6 16. Bxe6 fxe6 17. a3 a6 18. Bxf6 Rxf6 19. Qc7 Qxc7 20. Nxc7 Ra7 21. Rd8+ Kf7 22. Ne5# 1-0

[Event "Wch Rapid"]
[Site "Samarkand"]
[Date "2023.12.27"]
[Round "9"]
[White "Holt, Conrad"]
[Black "Giri, Anish"]
[Result "1/2-1/2"]
[WhiteElo "2540"]
[BlackElo "2754"]
[PlyCount "40"]
[EventDate "2023.12.26"]
[EventType "swiss (rapid)"]
[EventRounds "13"]
[EventCountry "UZB"]
[SourceTitle "CB01_2024"]
[SourceDate "2024.01.03"]
[SourceVersion "1"]
[SourceVersionDate "2024.01.03"]
[SourceQuality "1"]

1. d4 d5 2. c4 c6 3. Nc3 Nf6 4. e3 Bf5 5. Qb3 Qb6 6. Qxb6 axb6 7. cxd5 Nxd5 8. Nxd5 cxd5 9. Nf3 Nc6 10. Bd2 f6 11. Bb5 Bd7 12. Ke2 g5 13. h3 h5 14. Bc3 Kf7 15. Kd2 e6 16. h4 g4 17. Ne1 Bd6 18. Nd3 Rhd8 19. Rhc1 Rac8 20. a4 Rc7 1/2-1/2

[Event "Titled Tuesday intern op 26th Sep Late"]
[Site "Chess.com INT"]
[Date "2023.09.26"]
[Round "6"]
[White "Holt, Conrad"]
[Black "Duda, Jan Krzysztof"]
[Result "0-1"]
[WhiteElo "2540"]
[BlackElo "2726"]
[PlyCount "108"]
[EventDate "2023.09.26"]
[EventType "swiss (blitz)"]
[EventRounds "11"]
[EventCountry "USA"]
[SourceTitle "EXT 2024"]
[Source "ChessBase"]
[SourceDate "2023.10.10"]
[SourceVersion "1"]
[SourceVersionDate "2023.10.10"]
[SourceQuality "1"]

1. d4 Nf6 2. c4 g6 3. Nc3 Bg7 4. e4 d6 5. Nf3 0-0 6. h3 c5 7. d5 e5 8. Bg5 Kh8 9. g4 Na6 10. Be2 Nc7 11. Nd2 Qe8 12. h4 Ng8 13. h5 Bf6 14. Bxf6+ Nxf6 15. g5 Ng8 16. Nb5 Qe7 17. Nxc7 Qxc7 18. Bg4 Rb8 19. a4 a6 20. Ra3 Re8 21. Rah3 Re7 22. Bxc8 Qxc8 23. a5 b6 24. axb6 Rxb6 25. b3 a5 26. f4 a4 27. hxg6 fxg6 28. f5 gxf5 29. Qh5 Rbb7 30. g6 Nf6 31. Qg5 Qf8 32. Qxf5 a3 33. Ke2 a2 34. Ra1 Ra7 35. Rf3 Kg7 36. gxh7 Rf7 37. Qg5+ Kh8 38. Qg6 Nxh7 39. Rxf7 Rxf7 40. Kd3 Rg7 41. Qf5 Rf7 42. Qh3 Qa8 43. Kc2 Rf2 44. Qe3 Rg2 45. Kb2 Qa5 46. Kc2 Ng5 47. Kd3 Qa3 48. Kc2 Kg7 49. Kd3 Qb2 50. Qe1 Kg6 51. Rd1 Rxd2+ 52. Rxd2 a1Q 53. Qf2 Qd4+ 54. Ke2 Qxf2+ 0-1

[Event "Titled Tuesday intern op 26th Sep Late"]
[Site "Chess.com INT"]
[Date "2023.09.26"]
[Round "4"]
[White "Holt, Conrad"]
[Black "Hong, Andrew Z"]
[Result "0-1"]
[WhiteElo "2540"]
[BlackElo "2539"]
[PlyCount "66"]
[EventDate "2023.09.26"]
[EventType "swiss (blitz)"]
[EventRounds "11"]
[EventCountry "USA"]
[SourceTitle "EXT 2024"]
[Source "ChessBase"]
[SourceDate "2023.10.10"]
[SourceVersion "1"]
[SourceVersionDate "2023.10.10"]
[SourceQuality "1"]

1. d4 Nf6 2. c4 e6 3. Nc3 d5 4. cxd5 Nxd5 5. Nf3 Be7 6. e4 Nxc3 7. bxc3 c5 8. Bd3 cxd4 9. cxd4 Bb4+ 10. Bd2 Bxd2+ 11. Qxd2 0-0 12. 0-0 Nd7 13. e5 b6 14. Qc2 h6 15. Qc6 Rb8 16. Qe4 g6 17. Qe3 Kg7 18. Rac1 Bb7 19. Be4 Bxe4 20. Qxe4 b5 21. h4 Nb6 22. h5 g5 23. Rc5 Na4 24. Rc6 Rc8 25. Rfc1 Qd7 26. Nh2 Rxc6 27. Rxc6 Rc8 28. Rxc8 Qxc8 29. g3 Qc1+ 30. Kg2 Qd1 31. Ng4 Nc3 32. Qc6 Qxd4 33. Kh3 b4 0-1

[Event "Titled Tuesday intern op 19th Sep Late"]
[Site "Chess.com INT"]
[Date "2023.09.19"]
[Round "4"]
[White "Holt, Conrad"]
[Black "Goltsev, Dmitry"]
[Result "1-0"]
[WhiteElo "2540"]
[BlackElo "2238"]
[PlyCount "145"]
[EventDate "2023.09.19"]
[EventType "swiss (blitz)"]
[EventRounds "11"]
[EventCountry "USA"]
[SourceTitle "EXT 2024"]
[Source "ChessBase"]
[SourceDate "2023.10.10"]
[SourceVersion "1"]
[SourceVersionDate "2023.10.10"]
[SourceQuality "1"]

1. d4 e6 2. c4 Nf6 3. Nc3 d5 4. cxd5 exd5 5. Bg5 c6 6. e3 Bf5 7. Qf3 Bg6 8. Bxf6 Qxf6 9. Qxf6 gxf6 10. Nf3 Nd7 11. Nh4 Bb4 12. Rc1 f5 13. a3 Be7 14. Nf3 Bd6 15. g3 Nf6 16. Nh4 Ng4 17. Bd3 f4 18. Nxg6 hxg6 19. gxf4 Rh3 20. Bf1 Rh4 21. Rg1 Ke7 22. h3 Nh6 23. Kd2 Nf5 24. Ne2 Rah8 25. Ng3 Nxd4 26. exd4 Bxf4+ 27. Kd1 Bxc1 28. Kxc1 Rxd4 29. Ne2 Rdh4 30. Rg3 R8h5 31. Rb3 b6 32. Bg2 Rg5 33. Bh1 Kd6 34. Rf3 Re5 35. Kd2 f5 36. Rg3 Re6 37. f4 c5 38. Bg2 d4 39. b3 a6 40. a4 Rh8 41. Bf1 Rhe8 42. Nc1 Rh8 43. Bc4 Rf6 44. Bxa6 Rh4 45. Nd3 Ke7 46. Bc4 Kf8 47. Ne5 Kg7 48. Nd3 Rf8 49. Ke2 Re8+ 50. Kf2 Re3 51. Kg2 Rxg3+ 52. Kxg3 Rh8 53. Ne5 Rd8 54. h4 Kf6 55. Kf3 Rd6 56. Bd3 Rd8 57. Nc4 Rb8 58. Nd2 Rh8 59. Kg3 Re8 60. Nc4 Re1 61. Nxb6 Re4 62. Kf2 Rxf4+ 63. Kg3 Rg4+ 64. Kh3 Rf4 65. Nd5+ Ke5 66. Nxf4 Kxf4 67. a5 Ke3 68. Bc4 d3 69. Bxd3 Kxd3 70. a6 f4 71. a7 f3 72. a8Q f2 73. Qf3+ 1-0